000 01430cam a2200397 a 4500
001 zsolco b3687203
003 SIRSI
005 20260109043854.0
008 950707s1996 nyua j 000 1 eng
010 _a 95034697
020 _a0679863737 (CAN)
020 _a0679963731(GLB)
040 _aDLC
_cDLC
_dBAKER
_dJTW
042 _alcac
050 0 0 _aPZ7.O81167
_bSu 1996
092 _aJE
_bOSBORNE
100 1 _aOsborne, Mary Pope.
245 1 0 _aSunset of the sabertooth
_cby Mary Pope Osborne ; illustrated by Sal Murdocca.
_h[paperback]
260 _aNew York :
_bRandom House,
_c1996.
300 _a67 pages :
_billustrations ;
_c20 cm.
336 _atext
_btxt
_2rdacontent.
337 _aunmediated
_bn
_2rdamedia.
338 _avolume
_bnc
_2rdacarrier.
490 1 _aMagic tree house ;
_v#7.
500 _a"A first stepping stone book."
520 _aThe magic tree house transports Jack and Annie on a mission to the Ice Age where they encounter Cro-Magnons, cave bears, sabertooth tigers, and woolly mammoths.
521 8 _a350L
_bLexile.
526 0 _aAccelerated Reader AR
_bLG
_c3.0
_d1.0
_z14885.
650 1 _aPrehistoric peoples
_vFiction.
650 0 _aPrehistoric animals
_vJuvenile fiction.
650 0 _aTime travel
_vJuvenile fiction.
650 0 _aMagic
_vJuvenile fiction.
700 1 _aMurdocca, Sal,
_eillustrator.
800 1 _aOsborne, Mary Pope.
_tMagic tree house ;
_v#7.
942 _cBK
999 _c31440
_d31438